Les plus grandes villes des Pays de la Loire. - Statistiques

Statistiques générales
  • Ce quiz a été pris 7 958 fois
    7 224 depuis la dernière actualisation
  • Le résultat moyen est 10 sur 21
Réponses sur la Carte
Les réponses sont colorées sur une échelle allant du rouge au vert en fonction du pourcentage des utilisateurs qui les ont devinées à leur premier essai. Vous pouvez retrouver ces pourcentages ci-dessous.
 
Statistiques - réponses
Population Ville % Correct
318 808 Nantes
98%
155 850 Angers
92%
143 847 Le Mans
87%
55 147 La Roche-sur-Yon
85%
71 394 Saint-Nazaire
83%
49 733 Laval
76%
45 030 Les Sables-d'Olonne
65%
54 037 Cholet
61%
26 467 Saumur
49%
47 415 Saint-Herblain
44%
42 919 Rezé
42%
20 365 Carquefou
33%
27 209 Orvault
30%
21 322 Challans
27%
27 493 Saint-Sébastien-sur-Loire
25%
25 541 Vertou
24%
20 424 Montaigu-Vendée
20%
22 309 Couëron
16%
23 419 Beaupréau-en-Mauges
14%
20 828 Chemillé-en-Anjou
14%
25 162 Sèvremoine
11%
Aucun quiz correspondant
Distribution des résultats
% des personnes avec chaque résultat
Percentile par nombre de réponses
Votre historique - résultats
Vous n’avez pas pris ce quiz depuis la dernière actualisation